000 01066nam a22002657a 4500
001 BRCA_9322
003 FranzMayer
005 20230918120021.0
008 230823b |||||||| |||| 00| 0 eng d
020 _a9707031220
040 _aMFM
_besp
_cMFM
050 0 _aNB1180
_b.K37 2002
100 1 _4Autor
_aKartofel, Graciela
_929099
240 _aLa cerámica en la escultura
_hClay Sculpture
_lEspañol/Inglés
245 0 _aLa cerámica en la escultura
_bClay Sculpture
260 _aMorelia, México.
_bMorevallado Editores
_c2002
300 _a151 p
_bIlustraciones a color
_c20 cm
500 _aAnexo 1
500 _aEl libro contiene un papel con explicaciones de cuestiones ortográficas.
505 _aTexto en: español e inglésIncluye índice temáticoBibliografía, p 151Dirigido a: artistas, escultores o personas con interés en el arte en general.
650 1 _2Escultura
_aEscultura en materiales especiales
_vCerámica
_929100
700 1 _4Port.
_aCervantes, Javier
_929101
700 1 _4Dis.
_aLópez Ruiz, Ernesto
_929102
942 _2lcc
_cB
999 _c10944
_d10944